[Event "TCh-CHN 2019"]
[Site "China CHN"]
[Date "2019.07.27"]
[Round "11.2"]
[Board "4"]
[White "Ren, Xiaoyi"]
[Black "Pham, Le Thao Nguyen"]
[Result "1/2-1/2"]
[BlackTitle "IM"]
[WhiteElo "2253"]
[BlackElo "2366"]
[WhiteTeam "Chengdu Beilei Youth Chess Club"]
[BlackTeam "Beijing team"]
[WhiteFideId "8608709"]
[BlackFideId "12401226"]
[EventDate "2019.04.09"]

1. d4 Nf6 2. c4 e6 3. Nf3 Bb4+ 4. Nbd2 d5 5. Qa4+ Nc6 6. Ne5 Bd7 7. Nxd7 Nxd7 8.
e3 Nb6 9. Qc2 dxc4 10. Bxc4 Nxc4 11. Qxc4 Qd5 12. O-O Bxd2 13. Qxd5 exd5 14.
Bxd2 Kd7 15. Rfc1 Nd8 16. Rc5 c6 17. Rac1 Re8 18. a4 Rc8 19. f3 f5 20. R5c3 Ne6
21. Rd3 Re7 22. Bb4 Rf7 23. Re1 Re8 24. Rdd1 g5 25. e4 fxe4 26. fxe4 Nf4 27. e5
Rg8 28. Rd2 Ne6 29. Rf1 Rxf1+ 30. Kxf1 Rg7 31. Bc3 Rf7+ 32. Rf2 Rf4 33. Rxf4
Nxf4 34. b4 g4 35. Bd2 Ng6 36. Bh6 Ne7 37. Ke2 Ke6 38. Kd3 Kf5 39. g3 Kg6 40.
Bd2 h5 41. a5 Kf5 42. Be3 Ng6 43. Bf2 Nf8 44. Be3 Ne6 45. Bd2 Kg6 46. Be3 Kf7
47. Bd2 Ke7 48. Be3 Kd7 49. Kc3 Nc7 50. Kd3 Ke6 51. Bd2 Nb5 52. Bc1 Kf5 53. Bb2
Nc7 54. Bc3 Ne6 55. Bd2 Ng7 56. Be3 Ke6 57. Bf2 Nf5 58. Be1 Kd7 59. Bf2 Kc7 60.
Be3 b6 61. Bg5 Ng7 62. Be7 Kb7 63. axb6 axb6 64. Bg5 Ka6 65. Bh6 Ne6 66. Be3 Kb5
67. Kc3 Ka4 68. Bc1 Nc7 69. Bf4 Kb5 70. Be3 Ne6 71. Bh6 c5 72. bxc5 bxc5 73.
dxc5 Kxc5 74. Kd3 Kc6 75. Bc1 Kd7 76. Ke3 Ke7 77. Bb2 Kf7 78. Bc3 Kg6 79. Bb2
Kf5 80. Ba1 Ng5 81. Kd4 Ke6 82. Ke3 Nf3 83. h3 Kf5 84. hxg4+ hxg4 85. e6 Kxe6
86. Kf4 Nh2 87. Bd4 Kd6 88. Bg1 1/2-1/2

[Event "TCh-CHN 2019"]
[Site "China CHN"]
[Date "2019.07.27"]
[Round "11.2"]
[Board "5"]
[White "Lagno, Kateryna"]
[Black "Song, Yuxin"]
[Result "1-0"]
[WhiteTitle "GM"]
[BlackTitle "WIM"]
[WhiteElo "2547"]
[BlackElo "2299"]
[WhiteTeam "Chengdu Beilei Youth Chess Club"]
[BlackTeam "Beijing team"]
[WhiteFideId "14109336"]
[BlackFideId "8614300"]
[EventDate "2019.04.09"]

1. e4 c5 2. Nf3 d6 3. Bb5+ Bd7 4. Bxd7+ Qxd7 5. d4 Nf6 6. dxc5 Nxe4 7. cxd6 e6
8. Qe2 Nf6 9. Nc3 Qxd6 10. Bg5 Be7 11. Bxf6 gxf6 12. O-O a6 13. Ne4 Qb6 14. c3
Nc6 15. Rad1 Rd8 16. Rxd8+ Qxd8 17. Rd1 Qc7 18. Nd4 f5 19. Ng3 Ne5 20. Nh5 Rg8
21. h3 Nd7 22. Re1 Qd6 23. Qf3 Qb6 24. Nf4 Kd8 25. Nxf5 Bg5 26. Nd4 Qxb2 27.
Nfxe6+ fxe6 28. Nxe6+ Kc8 29. Qf7 Rh8 30. Nxg5 Qxc3 31. Rd1 Qc6 32. Qf4 Rf8 33.
Nf7 Rg8 34. Rc1 Nc5 35. Nd6+ Kd8 36. Qh4+ Kc7 37. Qxh7+ Kxd6 38. Qxg8 Qb5 39.
Qf8+ Kd5 40. h4 b6 41. Rd1+ Nd3 42. Qf5+ 1-0

[Event "TCh-CHN 2019"]
[Site "China CHN"]
[Date "2019.07.27"]
[Round "11.3"]
[Board "2"]
[White "Zou, Chen"]
[Black "Ganguly, Surya Shekhar"]
[Result "1-0"]
[WhiteTitle "FM"]
[BlackTitle "GM"]
[WhiteElo "2459"]
[BlackElo "2633"]
[WhiteTeam "Hangzhou Hongda team"]
[BlackTeam "Jiangsu team"]
[WhiteFideId "8610959"]
[BlackFideId "5002150"]
[EventDate "2019.04.09"]

1. e4 e5 2. Nf3 Nc6 3. Bb5 Nf6 4. O-O Nxe4 5. d4 Nd6 6. Bxc6 dxc6 7. dxe5 Nf5 8.
Qxd8+ Kxd8 9. h3 Bd7 10. Nc3 h6 11. b3 Kc8 12. Bb2 b6 13. Rad1 a5 14. a4 Be7 15.
Ne2 Re8 16. Nf4 g6 17. Rfe1 Ng7 18. Nd2 Bf5 19. Ne4 g5 20. Nd3 Ne6 21. g4 Bg6
22. Ng3 Kb7 23. Nf5 Bf8 24. Kg2 Rad8 25. Kg3 c5 26. f4 Kc6 27. h4 gxf4+ 28. Nxf4
Nxf4 29. Kxf4 Rd7 30. Rxd7 Kxd7 31. Rd1+ Ke6 32. h5 Bh7 33. Rd2 Rb8 34. c4 c6
35. Bc3 Ra8 36. Rd1 Rb8 37. Be1 b5 38. Bxa5 bxa4 39. bxa4 Ra8 40. Rd8 Rxa5 41.
Re8+ Kd7 42. Rxf8 Bxf5 43. gxf5 Ke7 44. Rh8 Rxa4 45. f6+ Kd7 46. Rf8 1-0

[Event "TCh-CHN 2019"]
[Site "China CHN"]
[Date "2019.07.27"]
[Round "11.3"]
[Board "3"]
[White "Xiang, Zeyu"]
[Black "Chen, Qi b"]
[Result "0-1"]
[WhiteTitle "IM"]
[BlackTitle "IM"]
[WhiteElo "2446"]
[BlackElo "2445"]
[WhiteTeam "Hangzhou Hongda team"]
[BlackTeam "Jiangsu team"]
[WhiteFideId "8608547"]
[BlackFideId "8614733"]
[EventDate "2019.04.09"]

1. d4 Nf6 2. c4 g6 3. Nc3 Bg7 4. e4 d6 5. h3 O-O 6. Nf3 Na6 7. Be3 c6 8. g4 Nc7
9. Nd2 Nd7 10. h4 c5 11. d5 e6 12. h5 exd5 13. exd5 Re8 14. hxg6 hxg6 15. Be2 b5
16. cxb5 a6 17. Nc4 Nf6 18. bxa6 Bxa6 19. g5 Ng4 20. Bxg4 Bxc4 21. Qd2 Qxg5 22.
Bd7 Bd4 23. Bxe8 Rxe8 24. Ne2 Bxe3 25. fxe3 Rxe3 26. O-O-O Bxe2 27. Rde1 Qe5 28.
Rh2 Qxh2 29. Qxe3 Bc4 30. Qc3 Qf4+ 31. Kb1 Bxd5 32. Qh3 Ne6 0-1

[Event "TCh-CHN 2019"]
[Site "China CHN"]
[Date "2019.07.27"]
[Round "11.3"]
[Board "4"]
[White "Shen, Yang"]
[Black "Zhou, Zirun"]
[Result "1/2-1/2"]
[WhiteTitle "IM"]
[WhiteElo "2402"]
[BlackElo "2124"]
[WhiteTeam "Jiangsu team"]
[BlackTeam "Hangzhou Hongda team"]
[WhiteFideId "8603162"]
[BlackFideId "8610975"]
[EventDate "2019.04.09"]

1. d4 Nf6 2. c4 e6 3. Nc3 d5 4. Bg5 Be7 5. e3 Nbd7 6. Rc1 O-O 7. Nf3 c6 8. a3 a6
9. c5 e5 10. Nxe5 Nxe5 11. dxe5 Nd7 12. Bxe7 Qxe7 13. Qd4 Nxe5 14. Be2 Bf5 15.
O-O Nd7 16. Rfd1 Be6 17. Na2 a5 18. Rc3 b6 19. cxb6 c5 20. Qd2 Nxb6 21. Nc1 Na4
22. Rc2 c4 23. Bf3 Rab8 24. Qxa5 Nxb2 25. Rd4 Ra8 26. Qc3 Na4 27. Qb4 Qxb4 28.
axb4 Nb6 29. g4 Ra4 30. Na2 Rfa8 31. Rdd2 h5 32. h3 hxg4 33. hxg4 Ra3 34. Nc3
Rd8 35. Rd4 Rd7 36. Kf1 Rb3 37. b5 Ra7 38. Kg2 Rd7 39. Kg3 g5 40. Rc1 Ra7 41.
Rd2 Raa3 42. Nxd5 Rxb5 43. Nc7 Re5 44. Rd6 Rb3 45. Bd1 Rb2 46. Nxe6 Rxe6 47.
Rxe6 fxe6 48. Kf3 Nd7 49. Be2 Ne5+ 50. Ke4 Rxe2 51. Kxe5 Rxf2 52. Rxc4 Rf3 53.
e4 Rf4 54. Kxe6 Rxg4 55. Kf5 Rf4+ 56. Kxg5 Rf1 57. Rc5 Kg7 58. Ra5 Rf2 59. Ra7+
Kf8 60. Kg6 Rf4 61. e5 Ke8 62. e6 Rf1 1/2-1/2

[Event "TCh-CHN 2019"]
[Site "China CHN"]
[Date "2019.07.27"]
[Round "11.3"]
[Board "5"]
[White "Guo, Qi"]
[Black "Zhao, Shengxin"]
[Result "1/2-1/2"]
[WhiteTitle "IM"]
[BlackTitle "WFM"]
[WhiteElo "2406"]
[BlackElo "2093"]
[WhiteTeam "Jiangsu team"]
[BlackTeam "Hangzhou Hongda team"]
[WhiteFideId "8604002"]
[BlackFideId "8608040"]
[EventDate "2019.04.09"]

1. c4 Nf6 2. d4 e6 3. Nc3 d5 4. Bg5 Bb4 5. e3 h6 6. Qa4+ Nc6 7. Bh4 g5 8. Bg3
Ne4 9. Rc1 Bd7 10. Qc2 h5 11. cxd5 exd5 12. f3 Bxc3+ 13. bxc3 Nxg3 14. hxg3 Qe7
15. Kf2 O-O-O 16. c4 Rde8 17. Qc3 Nb4 18. Qa3 Nxa2 19. Qxe7 Rxe7 20. Ra1 Nc3 21.
Rxa7 Kb8 22. Ra3 Nd1+ 23. Ke2 Nb2 24. Kd2 dxc4 25. Kc2 Nd3 26. Kd2 Nb2 27. Kc2
Nd3 28. Kd2 1/2-1/2

[Event "TCh-CHN 2019"]
[Site "China CHN"]
[Date "2019.07.27"]
[Round "11.4"]
[Board "2"]
[White "Xu, Yi"]
[Black "Xu, Yinglun"]
[Result "1/2-1/2"]
[WhiteTitle "GM"]
[BlackTitle "GM"]
[WhiteElo "2542"]
[BlackElo "2555"]
[WhiteTeam "China Mobil Shanghai Chess Club"]
[BlackTeam "Guangdong Shenzhen Longgang Chess team"]
[WhiteFideId "8605564"]
[BlackFideId "8604940"]
[EventDate "2019.04.09"]

1. e4 c5 2. Nf3 d6 3. d4 cxd4 4. Nxd4 Nf6 5. Nc3 a6 6. Bg5 Nbd7 7. Bc4 Qb6 8.
O-O Qxb2 9. Nd5 Nxd5 10. Rb1 Qc3 11. Bxd5 g6 12. Rb3 Qa5 13. Qf3 Ne5 14. Qg3 h6
15. Be3 Bg7 16. Bxb7 Bxb7 17. Rxb7 Qxa2 18. f4 Nd7 19. Rc7 Qa5 20. Ne6 fxe6 21.
Qxg6+ Kd8 22. Ra7 Rxa7 23. Qxg7 Rf8 24. Bxa7 Qb4 25. Qxh6 Qxe4 26. Bb6+ Ke8 27.
Qh5+ Rf7 28. Qh8+ Rf8 29. Qh5+ Rf7 30. Qh8+ Rf8 1/2-1/2

[Event "TCh-CHN 2019"]
[Site "China CHN"]
[Date "2019.07.27"]
[Round "11.4"]
[Board "3"]
[White "Ni, Hua"]
[Black "Cheparinov, Ivan"]
[Result "1/2-1/2"]
[WhiteTitle "GM"]
[BlackTitle "GM"]
[WhiteElo "2669"]
[BlackElo "2687"]
[WhiteTeam "China Mobil Shanghai Chess Club"]
[BlackTeam "Guangdong Shenzhen Longgang Chess team"]
[WhiteFideId "8601160"]
[BlackFideId "2905540"]
[EventDate "2019.04.09"]

1. e4 c5 2. Nf3 Nc6 3. Bb5 e6 4. O-O Nge7 5. d4 cxd4 6. Nxd4 Ng6 7. Be2 Be7 8.
Be3 O-O 9. c4 Nxd4 10. Bxd4 b6 11. Nc3 Bb7 12. Qd2 f5 13. exf5 Nh4 14. f3 Nxf5
15. Bf2 Bc5 16. Rad1 Bc6 17. Bd3 Qe7 18. Be4 Rad8 19. Rfe1 Bxe4 20. Nxe4 Bxf2+
21. Qxf2 d5 22. cxd5 exd5 23. Ng3 Qd6 24. Nxf5 Rxf5 25. Qe3 h6 26. Qe6+ Qxe6 27.
Rxe6 d4 28. Kf2 Rd7 29. Rd2 Ra5 30. b3 Rc5 31. Re4 1/2-1/2

[Event "TCh-CHN 2019"]
[Site "China CHN"]
[Date "2019.07.27"]
[Round "11.4"]
[Board "4"]
[White "Ushenina, Anna"]
[Black "Ju, Wenjun"]
[Result "1/2-1/2"]
[WhiteTitle "GM"]
[BlackTitle "GM"]
[WhiteElo "2416"]
[BlackElo "2580"]
[WhiteTeam "Guangdong Shenzhen Longgang Chess team"]
[BlackTeam "China Mobil Shanghai Chess Club"]
[WhiteFideId "14110911"]
[BlackFideId "8603006"]
[EventDate "2019.04.09"]

1. d4 Nf6 2. c4 e6 3. g3 d5 4. Nf3 dxc4 5. Bg2 c5 6. O-O Nc6 7. dxc5 Qxd1 8.
Rxd1 Bxc5 9. Nbd2 c3 10. bxc3 O-O 11. Nb3 Be7 12. c4 Bd7 13. Bb2 Rfd8 14. Nfd4
Rac8 15. Nb5 b6 16. Nd6 Bxd6 17. Rxd6 Be8 18. Rd3 Nb4 19. Rxd8 Rxd8 20. Bc3 a5
21. c5 bxc5 22. Nxc5 Bb5 23. a3 Nc2 24. Rc1 Nxa3 25. Bxa5 Rc8 26. Bb7 Re8 27.
Bb4 Nc4 28. Na6 Bxa6 29. Bxa6 Ne5 30. Bd6 Ng6 31. f3 Rd8 32. Rc6 h6 33. Kf2 Nd5
34. Bd3 Nde7 35. Ra6 Nf5 36. Bc7 Rd7 37. Ra8+ Kh7 38. Ba5 h5 39. h4 Nfe7 40. g4
f5 41. gxh5 Nf4 42. Bc4 Ned5 43. Ra6 e5 44. Ra8 Nf6 45. Bc3 Rc7 46. Ra4 Rc5 47.
Bd2 N4xh5 48. Be6 e4 49. Ra5 Rxa5 50. Bxa5 Kg6 51. Bc7 1/2-1/2

[Event "TCh-CHN 2019"]
[Site "China CHN"]
[Date "2019.07.27"]
[Round "11.5"]
[Board "1"]
[White "Malakhov, Vladimir"]
[Black "Peng, Xiongjian"]
[Result "1-0"]
[WhiteTitle "GM"]
[WhiteElo "2668"]
[BlackElo "2489"]
[WhiteTeam "Zhihui Sports chess team of Tianjin"]
[BlackTeam "Chongqing Jiulongpo Yucai Chess team"]
[WhiteFideId "4120787"]
[BlackFideId "8610550"]
[EventDate "2019.04.09"]

1. Nf3 d5 2. e3 Nf6 3. c4 c6 4. Nc3 e6 5. b3 Be7 6. Bb2 O-O 7. d4 Nbd7 8. Bd3 b6
9. O-O Bb7 10. Qc2 Rc8 11. Rfd1 Qc7 12. Rac1 Qb8 13. e4 dxe4 14. Nxe4 Nxe4 15.
Bxe4 Nf6 16. Bd3 Rfd8 17. c5 g6 18. g3 Nd5 19. Qe2 Bf6 20. a3 b5 21. h4 a5 22.
h5 Ba6 23. Qd2 Qc7 24. b4 Ra8 25. Bc2 axb4 26. axb4 Bc8 27. Bb3 Bd7 28. Kg2 Be8
29. Rh1 Bg7 30. hxg6 hxg6 31. Ng5 Qe7 32. Rce1 Ra7 33. Rh2 Rad7 34. Rh7 Qf8 35.
Reh1 Nf6 36. d5 Nxh7 37. Nxh7 Rxd5 38. Nf6+ Bxf6 39. Bxf6 Qg7 40. Bxg7 Rxd2 41.
Bf6 1-0

[Event "TCh-CHN 2019"]
[Site "China CHN"]
[Date "2019.07.27"]
[Round "11.5"]
[Board "2"]
[White "Li, Yankai"]
[Black "Naiditsch, Arkadij"]
[Result "1/2-1/2"]
[WhiteTitle "IM"]
[BlackTitle "GM"]
[WhiteElo "2432"]
[BlackElo "2617"]
[WhiteTeam "Zhihui Sports chess team of Tianjin"]
[BlackTeam "Chongqing Jiulongpo Yucai Chess team"]
[WhiteFideId "8609357"]
[BlackFideId "4650891"]
[EventDate "2019.04.09"]

1. d4 Nf6 2. c4 e6 3. g3 d5 4. Bg2 dxc4 5. Nf3 Nc6 6. Qa4 Nd7 7. Qxc4 Nb6 8. Qd3
e5 9. Nxe5 Nb4 10. Qd1 Qxd4 11. Qxd4 Nc2+ 12. Kd1 Nxd4 13. e3 Ne6 14. Nc3 g6 15.
Kc2 Bg7 16. Nd3 c5 17. b3 c4 18. bxc4 Nxc4 19. Rb1 O-O 20. Rb4 Nb6 21. Bb2 Bd7
22. Nd5 Rac8+ 23. Kb1 Nxd5 24. Bxd5 b6 25. Bxg7 Nxg7 26. Rc1 Rxc1+ 27. Kxc1 Rc8+
28. Rc4 Rxc4+ 29. Bxc4 Kf8 30. Kb2 Nf5 31. Ne5 Be8 32. Bd3 Nd6 33. h4 Ke7 34.
Nf3 f5 35. Nd4 Kf6 36. a3 Ke5 37. f3 Bd7 38. Kc3 Ne8 39. e4 fxe4 40. fxe4 Kd6
41. Nf3 Ng7 42. Ng5 h5 43. Kd4 Ke7 44. Bc2 a5 45. Bd3 Be8 46. Kd5 Bd7 47. Kd4
Bc6 48. Bc2 Be8 49. Kd5 Bd7 50. Kd4 Bc6 1/2-1/2

[Event "TCh-CHN 2019"]
[Site "China CHN"]
[Date "2019.07.27"]
[Round "11.5"]
[Board "3"]
[White "Wang, Yue"]
[Black "Nie, Xinyang"]
[Result "1/2-1/2"]
[WhiteTitle "GM"]
[WhiteElo "2674"]
[BlackElo "2348"]
[WhiteTeam "Zhihui Sports chess team of Tianjin"]
[BlackTeam "Chongqing Jiulongpo Yucai Chess team"]
[WhiteFideId "8601429"]
[BlackFideId "8607222"]
[EventDate "2019.04.09"]

1. c4 e6 2. g3 d5 3. Bg2 Nf6 4. Nf3 d4 5. e3 c5 6. exd4 cxd4 7. O-O Nc6 8. d3
Bd6 9. Bg5 e5 10. Nbd2 Bf5 11. Re1 h6 12. Nxe5 Nxe5 13. Bf4 O-O 14. Bxe5 Bxe5
15. Rxe5 Bxd3 16. Qb3 Bg6 17. Rae1 Rb8 18. c5 Qa5 19. Nc4 Qc7 20. Qb4 Rfd8 21.
Qa5 Qxa5 22. Nxa5 Nd7 23. Nxb7 Rdc8 24. Rd5 Rxb7 25. c6 Rxc6 26. Rxd4 Rcc7 27.
Bxb7 Rxb7 28. Re8+ Kh7 29. Re7 Bf5 30. Rxf7 Kg6 31. Re7 Rxb2 32. Rexd7 1/2-1/2

[Event "TCh-CHN 2019"]
[Site "China CHN"]
[Date "2019.07.27"]
[Round "11.5"]
[Board "4"]
[White "Javakhishvili, Lela"]
[Black "Xiao, Yiyi"]
[Result "0-1"]
[WhiteTitle "IM"]
[BlackTitle "WFM"]
[WhiteElo "2463"]
[BlackElo "2306"]
[WhiteTeam "Chongqing Jiulongpo Yucai Chess team"]
[BlackTeam "Zhihui Sports chess team of Tianjin"]
[WhiteFideId "13601458"]
[BlackFideId "8606161"]
[EventDate "2019.04.09"]

1. c4 e5 2. Nc3 Nf6 3. Nf3 Nc6 4. a3 d5 5. cxd5 Nxd5 6. Qc2 Be7 7. e3 O-O 8. b4
Nxc3 9. dxc3 a6 10. Bc4 Bg4 11. Bb2 Kh8 12. h3 Bxf3 13. gxf3 Bh4 14. Qf5 Bxf2+
15. Kxf2 Qh4+ 16. Kg1 Qxc4 17. Rh2 Rad8 18. Rg2 f6 19. Kh2 Ne7 20. Qh5 g6 21.
Qg4 Qxg4 22. hxg4 Nd5 23. Re1 Nb6 24. Kg3 Nc4 25. Bc1 Rd3 26. Rc2 f5 27. gxf5
gxf5 28. Kf2 Rf6 29. Rh1 Kg7 30. Rh4 b5 31. Ke2 Rdd6 32. a4 Rh6 33. Rxh6 Rxh6
34. Kd3 Rd6+ 35. Ke2 h5 36. axb5 axb5 37. Ra2 h4 38. Ra7 Rd7 39. Ke1 h3 40. Ra2
Rd3 41. Rc2 Rxc3 0-1

[Event "TCh-CHN 2019"]
[Site "China CHN"]
[Date "2019.07.27"]
[Round "11.5"]
[Board "5"]
[White "Huang, Qian"]
[Black "Khotenashvili, Bela"]
[Result "1/2-1/2"]
[WhiteTitle "WGM"]
[BlackTitle "GM"]
[WhiteElo "2429"]
[BlackElo "2446"]
[WhiteTeam "Chongqing Jiulongpo Yucai Chess team"]
[BlackTeam "Zhihui Sports chess team of Tianjin"]
[WhiteFideId "8602689"]
[BlackFideId "13602640"]
[EventDate "2019.04.09"]

1. d4 Nf6 2. c4 c5 3. Nf3 g6 4. Nc3 Bg7 5. e3 O-O 6. Be2 cxd4 7. Nxd4 Nc6 8. O-O
d5 9. cxd5 Nxd5 10. Nxc6 bxc6 11. Bd2 Rb8 12. Qc1 Nb4 13. Rd1 Nd3 14. Bxd3 Qxd3
15. Be1 Qa6 16. Qc2 Bf5 17. e4 Bg4 18. f3 Qb6+ 19. Kh1 Be6 20. b3 Rfd8 21. Na4
Qb5 22. Bc3 Bxc3 23. Qxc3 Qe2 24. Re1 Qf2 25. Rf1 Qe2 26. Rfe1 Qf2 27. Rf1 Qe2 1/2-1/2

[Event "TCh-CHN 2019"]
[Site "China CHN"]
[Date "2019.07.27"]
[Round "11.6"]
[Board "4"]
[White "Tan, Zhongyi"]
[Black "Gu, Tianlu"]
[Result "1-0"]
[WhiteTitle "GM"]
[BlackTitle "WIM"]
[WhiteElo "2502"]
[BlackElo "2261"]
[WhiteTeam "Chongqing Sports lottery chess team"]
[BlackTeam "Hangzhou Bank Team"]
[WhiteFideId "8603642"]
[BlackFideId "8603995"]
[EventDate "2019.04.09"]

1. d4 Nf6 2. c4 e6 3. g3 d5 4. Bg2 dxc4 5. Nf3 c5 6. O-O Nc6 7. dxc5 Qxd1 8.
Rxd1 Bxc5 9. Nbd2 c3 10. bxc3 O-O 11. Nb3 Be7 12. Nfd4 Bd7 13. Nxc6 Bxc6 14.
Bxc6 bxc6 15. c4 a5 16. Bd2 a4 17. Na5 Ra6 18. Rab1 Rd8 19. f3 Kf8 20. Bc3 Rxd1+
21. Rxd1 Rb6 22. Be5 Bb4 23. Bd6+ Bxd6 24. Rxd6 Ra6 25. Nb7 Ke7 26. Rd2 Nd7 27.
Rxd7+ 1-0

[Event "TCh-CHN 2019"]
[Site "China CHN"]
[Date "2019.07.27"]
[Round "11.6"]
[Board "5"]
[White "Lei, Tingjie"]
[Black "Girya, Olga"]
[Result "1/2-1/2"]
[WhiteTitle "GM"]
[BlackTitle "WGM"]
[WhiteElo "2483"]
[BlackElo "2488"]
[WhiteTeam "Chongqing Sports lottery chess team"]
[BlackTeam "Hangzhou Bank Team"]
[WhiteFideId "8605114"]
[BlackFideId "4195752"]
[EventDate "2019.04.09"]

1. e4 c6 2. Nc3 d5 3. Nf3 dxe4 4. Nxe4 Nf6 5. Qe2 Nxe4 6. Qxe4 Nd7 7. Bc4 Nf6 8.
Ne5 e6 9. Qe2 b5 10. Bd3 Bb7 11. a4 a6 12. b3 Bc5 13. Rb1 O-O 14. O-O Qd6 15. c4
Rad8 16. Bc2 Bd4 17. Nf3 c5 18. axb5 Bxf3 19. Qxf3 axb5 20. cxb5 Rd7 21. Bb2
Bxb2 22. Rxb2 Rb8 23. b4 cxb4 24. Rfb1 Rxb5 25. Ba4 Rf5 26. Qg3 Qxg3 27. hxg3
Rd8 28. Rxb4 Rfd5 29. d4 g6 30. Rd1 e5 31. Bb3 Rxd4 32. Rdxd4 Rxd4 33. Rb7 Rd7
34. Rb5 Re7 35. Kf1 h5 36. Ke2 Ng4 37. Bd5 Kg7 38. Rb7 Rxb7 39. Bxb7 f5 40. Bc6
Kf7 41. Ba4 Nf6 42. Bb3+ Kg7 43. Be6 Ne4 44. Bd7 Kf6 45. Ke3 Nd6 46. Ba4 g5 47.
Bd1 f4+ 48. gxf4 gxf4+ 49. Ke2 e4 50. Ke1 h4 51. Ba4 Ke5 52. Bd7 Kd4 53. Ke2 Nc4
54. Be6 Ne5 55. Bf5 Nf7 56. Bd7 Ng5 57. Bc8 Nh7 58. Bf5 Nf6 59. Bc8 Nd5 60. Bd7
Nc3+ 61. Kd2 e3+ 62. fxe3+ fxe3+ 63. Ke1 Ke4 64. Bc8 Kf4 65. Bb7 Nb5 66. Ba8 Nd4
67. Bb7 Kg3 68. Bd5 Kf4 69. Bb7 Ke5 70. Ba8 Ne6 71. Ke2 Kd4 72. Bb7 Nf4+ 73. Ke1
Kd3 74. Ba6+ Kc3 75. Bb7 Kd4 76. Bc6 Nd3+ 77. Ke2 Nc1+ 78. Ke1 Kc3 79. Bb7 Kd3
80. Ba6+ Kd4 81. Bb7 Na2 82. Bc6 Nc3 83. Bb7 Kd3 84. Ba6+ Ke4 85. Bb7+ Kf4 86.
Bc6 Kg3 87. Bb7 Nb5 88. Ke2 Kf4 89. Ke1 Nd6 90. Bc6 Nc8 91. Ke2 Ne7 92. Bb7 Nf5
93. Ba8 Ng3+ 94. Ke1 Ke5 95. Bb7 Nh5 96. Ke2 Kd4 97. Bc6 Nf4+ 98. Ke1 Kc3 99.
Bb7 e2 100. Ba6 Nxg2+ 101. Kxe2 h3 102. Kf2 Nf4 103. Kg3 1/2-1/2

[Event "TCh-CHN 2019"]
[Site "China CHN"]
[Date "2019.08.20"]
[Round "12.1"]
[Board "1"]
[White "Wen, Yang"]
[Black "Zhou, Weiqi"]
[Result "1/2-1/2"]
[WhiteTitle "GM"]
[BlackTitle "GM"]
[WhiteElo "2586"]
[BlackElo "2592"]
[WhiteTeam "Shandong Jingzhi team"]
[BlackTeam "Chongqing Sports lottery chess team"]
[WhiteFideId "8602956"]
[BlackFideId "8601674"]
[EventDate "2019.04.09"]

1. d4 d5 2. Nf3 Nf6 3. c4 e6 4. Nc3 c5 5. e3 Nc6 6. cxd5 Nxd5 7. Bd3 Be7 8. O-O
O-O 9. Be4 Nf6 10. dxc5 Bxc5 11. Bxc6 bxc6 12. Nd4 Bxd4 13. Qxd4 Qxd4 14. exd4
Ba6 15. Rd1 Nd5 16. Nxd5 cxd5 17. Bf4 Rfc8 18. Rac1 Rxc1 19. Rxc1 Rc8 20. Rxc8+
Bxc8 21. Bd6 f6 22. f3 Kf7 23. Kf2 Bd7 24. Ke3 Bb5 25. h4 h5 26. a3 a6 27. Kf2
Bc4 28. Ke3 Bf1 29. Kf2 Bc4 30. Ke3 Bf1 1/2-1/2

[Event "TCh-CHN 2019"]
[Site "China CHN"]
[Date "2019.08.20"]
[Round "12.1"]
[Board "3"]
[White "Zhao, Jun"]
[Black "Zeng, Chongsheng"]
[Result "1-0"]
[WhiteTitle "GM"]
[BlackTitle "GM"]
[WhiteElo "2639"]
[BlackElo "2552"]
[WhiteTeam "Shandong Jingzhi team"]
[BlackTeam "Chongqing Sports lottery chess team"]
[WhiteFideId "8602522"]
[BlackFideId "8603847"]
[EventDate "2019.04.09"]

1. d4 d5 2. Nf3 Nf6 3. g3 Bg4 4. Bg2 e6 5. c4 c6 6. Ne5 Bh5 7. Qb3 Qb6 8. c5 Qa6
9. Nc3 Nbd7 10. Nxd7 Nxd7 11. e4 Bxc5 12. dxc5 d4 13. Bf1 Qa5 14. Qa4 Qxc5 15.
Ne2 Ne5 16. Nf4 Bf3 17. Bg2 g5 18. Bxf3 Nxf3+ 19. Ke2 gxf4 20. Kxf3 Qh5+ 21. Kg2
f3+ 22. Kf1 Qh3+ 23. Ke1 e5 24. Qb3 Qg4 25. Qd3 f5 26. exf5 O-O 27. Kd2 e4 28.
Qc4+ Rf7 29. Qxd4 e3+ 30. Kc3 Qxd4+ 31. Kxd4 e2 32. g4 Re8 33. Re1 Rd7+ 34. Kc3
Re4 35. h3 b5 36. b3 c5 37. Kc2 a5 38. Bd2 b4 39. Be3 c4 40. bxc4 Rxc4+ 41. Kb2
Rd3 42. Bh6 a4 43. Rac1 a3+ 44. Kb1 Rxc1+ 45. Kxc1 b3 46. Bd2 bxa2 47. Kc2 Rd7
48. Ra1 Re7 49. Kd3 Kf7 50. Rxa2 e1=Q 51. Bxe1 Rxe1 52. Rxa3 Re2 53. Kd4 Rxf2
54. Ke4 h5 55. Rxf3 Rg2 56. Kf4 Kf6 57. Ra3 Rf2+ 58. Kg3 Rf1 59. Ra6+ Kf7 60.
Kh4 Rf3 61. Kxh5 1-0

[Event "TCh-CHN 2019"]
[Site "China CHN"]
[Date "2019.08.20"]
[Round "12.1"]
[Board "4"]
[White "Tan, Zhongyi"]
[Black "Ning, Kaiyu"]
[Result "1-0"]
[WhiteTitle "GM"]
[BlackTitle "WIM"]
[WhiteElo "2502"]
[BlackElo "2353"]
[WhiteTeam "Chongqing Sports lottery chess team"]
[BlackTeam "Shandong Jingzhi team"]
[WhiteFideId "8603642"]
[BlackFideId "8614750"]
[EventDate "2019.04.09"]

1. e4 e6 2. d4 d5 3. e5 c5 4. c3 Qb6 5. Nf3 Nc6 6. a3 c4 7. Be2 Bd7 8. O-O Nge7
9. Nbd2 Na5 10. Qc2 Qc7 11. Re1 Nc8 12. Bd1 Nb6 13. a4 Be7 14. Qb1 h6 15. Qa2
O-O-O 16. Nf1 Kb8 17. Ng3 Ka8 18. Nh5 Rdg8 19. Be3 Qd8 20. Nd2 g6 21. Ng3 h5 22.
h3 Qc7 23. Rf1 Rc8 24. f4 Qd8 25. Kh2 Rc6 26. Ne2 Nc8 27. Ng1 Ra6 28. Ngf3 Nb6
29. Bf2 Nc6 30. Qb1 Na5 31. Bc2 Nc8 32. Qd1 Nb6 33. Bg3 Rf8 34. Ra2 Qe8 35. Bh4
Bxh4 36. Nxh4 Nb3 37. Nxb3 cxb3 38. Bxb3 Bxa4 39. Bxa4 Rxa4 40. Rxa4 Qxa4 41.
Qxa4 Nxa4 42. Rf2 a5 43. g4 hxg4 44. hxg4 Ka7 45. f5 gxf5 46. gxf5 Rh8 47. Kg3
Kb6 48. f6 Kb5 49. Nf3 Kc4 50. Ng5 Rf8 51. Rh2 Kb3 52. Rh7 Nxb2 53. Nxf7 a4 54.
Ng5 b6 55. Nxe6 Ra8 56. f7 a3 57. f8=Q Rxf8 58. Nxf8 a2 59. Rh1 Na4 60. e6 Nxc3
61. e7 Ne4+ 62. Kf4 Nd6 63. Ke5 Ne8 64. Kxd5 b5 65. Ne6 b4 66. Nc5+ Kc3 67. Ke5 1-0